|
|
|
|
| LEADER |
00000nab a2200000ua 4500 |
| 001 |
vtls010757241 |
| 003 |
SK-MaSNL |
| 005 |
20260304203308.0 |
| 008 |
250718s1961 xo |||||||||||||||||slo| |
| 035 |
|
|
|a (urnnbn)urn:nbn:sk:snk:ar-a00u5e
|
| 035 |
|
|
|a (uuid)33ba5f28-fdcc-429b-a7d7-2a6c30b1aa56
|
| 035 |
|
|
|a urn:nbn:sk:snk-ab4bgr
|
| 040 |
|
|
|a SNKBUCL
|b slo
|c SNKBUCL
|e AACR2
|
| 041 |
0 |
|
|a slo
|
| 044 |
|
|
|a xo
|c SK
|
| 100 |
1 |
|
|a Adamec, O.
|4 aut
|9 1012198
|
| 245 |
1 |
0 |
|a Dobrodružstvá barona Prášila na striebornom plátne
|c O. Adamec
|
| 650 |
0 |
7 |
|a české filmy
|2 snkbucl
|9 429910
|
| 655 |
|
7 |
|a články z novín a časopisov
|2 snkbucl
|9 267496
|
| 655 |
|
7 |
|a recenzie
|2 snkbucl
|9 21907
|
| 773 |
0 |
|
|t Film a divadlo
|g Roč. 5, č. 25 (1961), s. [10], [11]
|
| 850 |
|
|
|a Slovenská národná knižnica
|
| 852 |
|
|
|a Slovenská národná knižnica
|
| 954 |
|
|
|a odborná, vedecká literatúra pôvodná (slovenská)
|2 lita
|
| 958 |
|
|
|a article3
|
| 958 |
|
|
|a OND
|
| 958 |
|
|
|a EUIPO
|
| 999 |
|
|
|c 3108864
|d 3110794
|